000 00903nam a2200241Ia 4500
003 OSt
005 20220923222555.0
006 a|||||r|||| 00| 0
007 ta
008 220922b |||||||| |||| 00| 0 hin d
024 _a206,159
037 _cTextual
040 _aARTS
_cARTS
_bhin
041 _2hin
_ahin
082 _aO152,4xL, J9
100 _aवर्मा, धीरेन्द्र, संपा.
245 0 _aप्राचीन हिन्दी पत्र संग्रह
246 _aPrāchīn hindī patra sangraha
260 _aइलाहाबाद यूनिवसिर्टी
_b प्राचीन हिन्दी संग्रह
_c1959
650 _aहिन्दी साहित्य
_9156264
942 _hO152,4xL, J9
_cTEXL
_2CC
999 _c356820
_d356820